SAT Words HARD Click Quiz - M - Statistics

General Stats
  • This quiz has been taken 384 times
  • The average score is 10 of 15
Answer Stats
Hint Answer % Correct
Nearsighted; lacking foresight Myopic
91%
Enroll, become a student Matriculate
83%
Shackle, handcuff, restrain Manacle
78%
Fashionable, trendy; up-to-date style Modish
77%
Incorporating or bringing together various features; diverse Multifarious
77%
Soothe, calm Mollify
73%
Tiny speck; particle Mote
69%
Marsh, swamp; or, complex and jumbled mass Morass
68%
Soften by soaking in liquid Macerate
65%
Relating to the Socratic method or teaching by questioning Maieutic
58%
Biting and sarcastic in tone Mordant
54%
Rigid disciplinarian Martinet
49%
Stained, tarnished, besmirched Maculate
44%
Fop, especially one who dresses in flashy foreign style Macaroni
41%
Suitable reward; recompense Meed
37%
No matching quizzes found
Score Distribution
Percent of People with Each Score
Percentile by Number Answered
Your Score History
You have not taken this quiz